[Event "Sachsen-Anhalt Verbandsliga 1920"]
[Site "Sachsen Anhalt"]
[Date "2020.10.18"]
[Round "9.1"]
[White "Haentsch, Ralf"]
[Black "Pankrath, Benno"]
[Result "1/2-1/2"]
[WhiteElo "1979"]
[BlackElo "1923"]
[PlyCount "48"]
[EventDate "2019.09.29"]
[EventType "team-tourn"]
[EventRounds "9"]
[EventCountry "GER"]
[SourceTitle "EXT 2023"]
[Source "ChessBase"]
[SourceDate "2022.10.05"]
[SourceVersion "1"]
[SourceVersionDate "2022.10.05"]
[SourceQuality "1"]
[WhiteTeam "Coethen Germania"]
[BlackTeam "Piesteritz Gruen-Weiss"]
[WhiteTeamCountry "GER"]
[BlackTeamCountry "GER"]

1. e4 g6 2. d4 Bg7 3. Nc3 d6 4. Be3 Nd7 5. Qd2 e5 6. 0-0-0 exd4 7. Bxd4 Bxd4 8. Qxd4 Qf6 9. Nd5 Qxd4 10. Rxd4 Kd8 11. Nf3 Nh6 12. Bc4 f5 13. Re1 fxe4 14. Rexe4 c6 15. Nf4 d5 16. Bxd5 cxd5 17. Ne6+ Ke7 18. Rxd5 Nf6 19. Nc7+ Nxe4 20. Nxa8 Bf5 21. Nc7 Ng4 22. Nd4 Ngxf2 23. Nxf5+ gxf5 24. Rxf5 Rd8 1/2-1/2

[Event "WchT Seniors 50"]
[Site "Prague"]
[Date "2020.03.10"]
[Round "5.12"]
[White "Lawrence, Paul"]
[Black "Haentsch, Ralf"]
[Result "1/2-1/2"]
[WhiteElo "1894"]
[BlackElo "2087"]
[PlyCount "39"]
[EventDate "2020.03.06"]
[EventType "team-swiss"]
[EventRounds "7"]
[EventCountry "CZE"]
[SourceTitle "CBM 195 Extra"]
[Source "ChessBase"]
[SourceDate "2020.05.31"]
[SourceVersion "1"]
[SourceVersionDate "2020.05.31"]
[SourceQuality "1"]
[WhiteTeam "England 50 II"]
[BlackTeam "Germany 50 III"]
[WhiteTeamCountry "ENG"]
[BlackTeamCountry "GER"]

1. c4 e5 2. Nc3 Nf6 3. g3 Bb4 4. Bg2 Bxc3 5. bxc3 d6 6. Rb1 Nc6 7. Nf3 0-0 8. d3 Rb8 9. 0-0 h6 10. Qc2 Be6 11. Rd1 Qc8 12. Ba3 b6 13. e4 Re8 14. Qa4 Bd7 15. Qc2 a5 16. Re1 Be6 17. Qa4 Bd7 18. Qc2 Qa6 19. Rbd1 Rbd8 20. Nd2 1/2-1/2

[Event "Sachsen-Anhalt Verbandsliga 1920"]
[Site "Sachsen Anhalt"]
[Date "2020.01.19"]
[Round "5.3"]
[White "Marx, Philipp"]
[Black "Haentsch, Ralf"]
[Result "0-1"]
[WhiteElo "1876"]
[BlackElo "1979"]
[PlyCount "60"]
[EventDate "2019.09.29"]
[EventType "team-tourn"]
[EventRounds "9"]
[EventCountry "GER"]
[SourceTitle "EXT 2023"]
[Source "ChessBase"]
[SourceDate "2022.10.05"]
[SourceVersion "1"]
[SourceVersionDate "2022.10.05"]
[SourceQuality "1"]
[WhiteTeam "Magdeburg SC Norbertus"]
[BlackTeam "Coethen Germania"]
[WhiteTeamCountry "GER"]
[BlackTeamCountry "GER"]

1. d4 Nf6 2. f3 d6 3. e4 e5 4. dxe5 dxe5 5. Qxd8+ Kxd8 6. Bc4 Be6 7. Bxe6 fxe6 8. Be3 Bd6 9. Nd2 Nc6 10. c3 Ke7 11. Ne2 Rhd8 12. 0-0-0 a5 13. Kc2 h6 14. h4 Nd7 15. g4 Bc5 16. Nf1 Bxe3 17. Nxe3 Nc5 18. g5 hxg5 19. Rdg1 Rd3 20. Nc4 b5 21. Nd2 Rad8 22. Rd1 Re3 23. Nc1 g4 24. Rhg1 gxf3 25. Rxg7+ Kf6 26. Rxc7 f2 27. Rxc6 Re1 28. Rxc5 Rxd1 29. Nf1 Rxf1 30. Nd3 Rxd3 0-1

[Event "Sachsen-Anhalt Verbandsliga 1920"]
[Site "Sachsen Anhalt"]
[Date "2019.12.08"]
[Round "4.4"]
[White "Dietz, Kristin"]
[Black "Haentsch, Ralf"]
[Result "1-0"]
[WhiteElo "1919"]
[BlackElo "1979"]
[PlyCount "95"]
[EventDate "2019.09.29"]
[EventType "team-tourn"]
[EventRounds "9"]
[EventCountry "GER"]
[SourceTitle "EXT 2023"]
[Source "ChessBase"]
[SourceDate "2022.10.05"]
[SourceVersion "1"]
[SourceVersionDate "2022.10.05"]
[SourceQuality "1"]
[WhiteTeam "Halle USV II"]
[BlackTeam "Coethen Germania"]
[WhiteTeamCountry "GER"]
[BlackTeamCountry "GER"]

1. e4 e5 2. Nf3 Nc6 3. Bb5 a6 4. Ba4 Nf6 5. 0-0 b5 6. Bb3 Bc5 7. Re1 0-0 8. c3 d6 9. d4 Bb6 10. h3 h6 11. Bc2 Nh7 12. Be3 Ng5 13. Nbd2 Nxf3+ 14. Nxf3 Bd7 15. Qe2 Re8 16. a4 Na5 17. b4 Nc4 18. Nd2 Nxe3 19. fxe3 c5 20. Nf3 cxb4 21. cxb4 Rc8 22. Bd3 bxa4 23. Bxa6 Rc3 24. Bc4 Qf6 25. Rf1 Qg6 26. Nh4 Qxe4 27. Bxf7+ Kh8 28. Bxe8 Bxe8 29. Rf8+ Kh7 30. Rxe8 Qxh4 31. Qf3 Kg6 32. Rf1 Qg5 33. Re6+ Kh7 34. Qe4+ g6 35. Rf7+ Kg8 36. Rxg6+ Kxf7 37. Rxg5 hxg5 38. Qb7+ Bc7 39. b5 Ke6 40. Qc8+ Ke7 41. b6 a3 42. bxc7 a2 43. Qd8+ Kf7 44. Qd7+ Kg6 45. Qe6+ Kg7 46. Qxa2 Rxc7 47. dxe5 dxe5 48. Qe6 1-0

[Event "Sachsen-Anhalt Verbandsliga 1920"]
[Site "Sachsen Anhalt"]
[Date "2019.11.17"]
[Round "3.4"]
[White "Haentsch, Ralf"]
[Black "Haertig, Jens"]
[Result "1/2-1/2"]
[WhiteElo "1979"]
[BlackElo "2108"]
[PlyCount "67"]
[EventDate "2019.09.29"]
[EventType "team-tourn"]
[EventRounds "9"]
[EventCountry "GER"]
[SourceTitle "EXT 2023"]
[Source "ChessBase"]
[SourceDate "2022.10.05"]
[SourceVersion "1"]
[SourceVersionDate "2022.10.05"]
[SourceQuality "1"]
[WhiteTeam "Coethen Germania"]
[BlackTeam "Naumburg"]
[WhiteTeamCountry "GER"]
[BlackTeamCountry "GER"]

1. e4 c5 2. Nc3 Nc6 3. g3 g6 4. Bg2 Bg7 5. d3 d6 6. Be3 e6 7. Qd2 Rb8 8. a4 a6 9. Nf3 Nd4 10. 0-0 Ne7 11. Ne1 h6 12. Rb1 b5 13. axb5 axb5 14. b4 Nec6 15. Na2 e5 16. f4 Be6 17. c3 Nb3 18. Qf2 Ne7 19. Nc1 Nxc1 20. Rxc1 cxb4 21. cxb4 0-0 22. Nf3 Qd7 23. Nh4 f6 24. f5 gxf5 25. Nxf5 Nxf5 26. exf5 Bf7 27. Bc6 Qe7 28. Ba7 Rbc8 29. Bxb5 Qb7 30. Bc4 Bxc4 31. dxc4 Qxb4 32. Rfd1 Rxc4 33. Rxc4 Qxc4 34. Rxd6 1/2-1/2

[Event "Sachsen-Anhalt Verbandsliga 1920"]
[Site "Sachsen Anhalt"]
[Date "2019.10.20"]
[Round "2.1"]
[White "Haentsch, Ralf"]
[Black "Selle, Thomas"]
[Result "1/2-1/2"]
[WhiteElo "1979"]
[BlackElo "2015"]
[PlyCount "108"]
[EventDate "2019.09.29"]
[EventType "team-tourn"]
[EventRounds "9"]
[EventCountry "GER"]
[SourceTitle "EXT 2023"]
[Source "ChessBase"]
[SourceDate "2022.10.05"]
[SourceVersion "1"]
[SourceVersionDate "2022.10.05"]
[SourceQuality "1"]
[WhiteTeam "Coethen Germania"]
[BlackTeam "Merseburg"]
[WhiteTeamCountry "GER"]
[BlackTeamCountry "GER"]

1. e4 c5 2. Nc3 Nc6 3. g3 g6 4. Bg2 Bg7 5. d3 d6 6. Be3 Nd4 7. Qd2 Rb8 8. Rb1 Bd7 9. Nce2 Qc8 10. c3 Nxe2 11. Nxe2 Bh3 12. 0-0 h5 13. f4 h4 14. f5 Bxg2 15. Kxg2 gxf5 16. Rxf5 e6 17. Rf3 e5 18. Rbf1 h3+ 19. Kg1 f6 20. d4 b6 21. g4 Rb7 22. g5 Qe6 23. b3 fxg5 24. dxc5 dxc5 25. Bxg5 Rd7 26. Qe3 Nh6 27. Ng3 Nf7 28. Nf5 Bf8 29. Bh4 Rxh4 30. Nxh4 Qg4+ 31. Rg3 Qxh4 32. Rxh3 Qg5+ 33. Qxg5 Nxg5 34. Rh4 Rg7 35. Kh1 Be7 36. Rg1 Bf6 37. Rh8+ Ke7 38. Ra8 Ke6 39. h4 Nxe4 40. Rxg7 Bxg7 41. Rxa7 Bf6 42. Rb7 Bxh4 43. Rxb6+ Kd5 44. c4+ Kd4 45. a4 Be1 46. Kg2 Bb4 47. Rb5 Nc3 48. Rb8 Nb1 49. Ra8 Nd2 50. a5 Bxa5 51. Rxa5 Nxb3 52. Ra8 Kxc4 53. Re8 Kd4 54. Kf3 Nd2+ 1/2-1/2

[Event "Oberliga Ost-A 1314"]
[Site "Germany"]
[Date "2014.04.05"]
[Round "10.6"]
[White "Haentsch, Ralf"]
[Black "Schnoor, Ekkehard"]
[Result "0-1"]
[WhiteElo "2088"]
[BlackElo "2059"]
[PlyCount "68"]
[EventDate "2013.10.13"]
[EventType "team-tourn"]
[EventRounds "11"]
[EventCountry "GER"]
[SourceTitle "EXT 2015"]
[Source "ChessBase"]
[SourceDate "2014.11.20"]
[SourceVersion "1"]
[SourceVersionDate "2014.11.20"]
[SourceQuality "1"]
[WhiteTeam "Koethen Ludwigs"]
[BlackTeam "Dresden Gruen Weiss"]
[WhiteTeamCountry "GER"]
[BlackTeamCountry "GER"]

1. e4 c5 2. Nc3 a6 3. d3 Nc6 4. Be3 e6 5. Nf3 Nf6 6. h3 d5 7. exd5 exd5 8. d4 c4 9. Ne2 Be7 10. Nf4 Qd6 11. c3 Bf5 12. g4 Bd7 13. Bg2 0-0 14. 0-0 Rae8 15. Qc2 Bd8 16. Rae1 Bc7 17. Re2 h6 18. g5 hxg5 19. Nxg5 Ne7 20. Rfe1 Bf5 21. Qd1 Ng6 22. Nxg6 Bxg6 23. Bd2 Qh2+ 24. Kf1 Bd3 25. Nf3 Qd6 26. Ne5 Bxe2+ 27. Rxe2 Qe6 28. f4 Ne4 29. Be1 Qf5 30. Bxe4 dxe4 31. Nxc4 Bxf4 32. h4 e3 33. Kg1 Qg4+ 34. Kf1 Bh2 0-1